Szczegóły MARC21

Organizational culture, business-to-business relationships, and interfirm networks /

003 -Nazwa inst., której nr kontr. jest w polu 001 [,]
    • @
    • Nazwa instytucji, której n kontrolny jest w polu 001
    • NUKAT
005 -DATA I CZAS OSTATNIEJ MODYFIKACJI [,]
    • @
    • pole kontrolne
    • 20241231102808.0
020 -Międzynarod. znormalizowany nr książki - ISBN [ , ]
    • a
    • Numer ISBN
    • 9780857243058 Find
040 -Instytucja sporządzająca opis [ , ]
    • a
    • Instytucja, która sporządziła opis (NP)
    • SZCZ U/AP
    • c
    • Instytucja, która sporządziła rekord (NP)
    • SZCZ U/AP
    • d
    • Instytucja, która zmodyfikowała rekord (P)
    • SZCZ U/KP
    • d
    • Instytucja, która zmodyfikowała rekord (P)
    • KAT 001/KCs
942 -Rodzaj dokumentu [ , ]
    • c
    • Rodzaj dokumentu
    • Książka
245 -Strefa tytułu i oznaczenia odpowiedzialności [0,0]
    • a
    • Tytuł
    • Organizational culture, business-to-business relationships, and interfirm networks / Find
    • c
    • Pozostałe elementy strefy tytułu i oznaczenia odpowiedzialności (NP)
    • ed. by Arch G. Woodside.
260 -Strefa adresu wydawniczego [ , ]
    • a
    • Miejsce wydania (P)
    • Bingley :
    • b
    • Nazwa wydawcy (P)
    • Emerald,
    • c
    • Data wydania (P)
    • 2010.
300 -Strefa opisu fizycznego [ , ]
    • a
    • Określenie formy książki i/lub objętość (NP)
    • IX, 503 s. :
    • b
    • Oznaczenie ilustracji (NP)
    • il. ;
    • c
    • Format (NP)
    • 24 cm.
336 -Typ zawartości [ , ]
    • a
    • Termin opisujący typ zawartości
    • Tekst
    • b
    • Kod określający zawartość
    • txt
    • 2
    • Źródło (terminu i kodu)
    • rdacontent
337 -Typ mediów [ , ]
    • a
    • Tryb odtwarzania
    • Bez urządzenia pośredniczącego
    • b
    • Kod typu mediów
    • n
    • 2
    • Źródło (terminu i kodu)
    • rdamedia
338 -Typ/rodzaj nośnika [ , ]
    • a
    • Hasło opisujące typ nośnika
    • Wolumin
    • b
    • Kod typu nośnika
    • nc
    • 2
    • Źródło (terminu i kodu)
    • rdacarrier
490 -Strefa serii i książki wielotomowej - forma nie do wyszukiwania [1, ]
    • a
    • Tytuł (P)
    • Advances in Business Marketing and Purchasing, Find
    • x
    • ISSN (NP)
    • 1069-0964 ;
    • v
    • Numeracja (P)
    • vol. 16
830 -Hasło dodatkowe serii i opisu książki wielotomowej - tytuł ujednolicony/tytuł [ ,0]
    • a
    • Tytuł ujednolicony/tytuł (NP)
    • Advances in Business Marketing & Purchasing
    • x
    • ISSN
    • 1069-0964
    • v
    • Oznaczenie tomu (NP)
    • vol. 16
    • 9
    • KHW
    • 76010
500 -Uwaga ogólna [ , ]
    • a
    • Uwaga ogólna (NP)
    • Na okł.: Emerald Books.
504 -Uwaga dot. bibliogr. załącznikowej [ , ]
    • a
    • Uwaga dot. bibliografii załącznikowej
    • Bibliogr. przy rozdz.
080 -Uniwersalna Klasyfikacja Dziesiętna [ , ]
    • 2
    • Identyfikator wydania tablic
    • UDC-P058
    • 9
    • UKD
    • 2214
    • a
    • Symbol klasyfikacji
    • 005.73
    • b
    • Dopowiedzenie
    • Zarządzanie. Kultura organizacyjna.
    • 4
    • UKD2
    • 7644
    • x
    • Poddział wspólny
    • =111
    • c
    • Dopowiedzenie poddz. wspólnego
    • =Język angielski.
080 -Uniwersalna Klasyfikacja Dziesiętna [ , ]
    • 2
    • Identyfikator wydania tablic
    • UDC-P058
    • 9
    • UKD
    • 3341
    • a
    • Symbol klasyfikacji
    • 339.944
    • b
    • Dopowiedzenie
    • Kooperacja między przedsiębiorstwami (spółkami). Joint ventures. Wspólne przedsięwzięcia.
    • 4
    • UKD2
    • 7644
    • x
    • Poddział wspólny
    • =111
    • c
    • Dopowiedzenie poddz. wspólnego
    • =Język angielski.
650 -Hasło przedmiotowe [ ,7]
    • a
    • Hasło przedmiotowe
    • Sieci przedsiębiorstw.
    • 2
    • Źródło terminu
    • kaba
    • 9
    • KHW
    • 152105
650 -Hasło przedmiotowe [ ,7]
    • a
    • Hasło przedmiotowe
    • Kultura przedsiębiorstwa.
    • 2
    • Źródło terminu
    • kaba
    • 9
    • KHW
    • 116419
650 -Hasło przedmiotowe [ ,7]
    • a
    • Hasło przedmiotowe
    • Stosunki między organizacjami.
    • 2
    • Źródło terminu
    • kaba
    • 9
    • KHW
    • 131278
650 -Hasło przedmiotowe [ ,7]
    • a
    • Hasło przedmiotowe
    • Alianse strategiczne (biznes).
    • 2
    • Źródło terminu
    • kaba
    • 9
    • KHW
    • 100995
980 -Symbol UKD [ , ]
    • a
    • UKD
    • 005.73:339.944]=111
700 -Hasło dodatkowe - nazwa osobowa [1, ]
    • a
    • Nazwa osobowa (NP)
    • Woodside, Arch G. Find
    • d
    • Daty biograficzne (NP)
    • (1943- ).
    • e
    • Określenie rodzaju współpracy
    • Red.
    • 9
    • KHW
    • 75088
710 -Hasło dodatkowe - nazwa ciała zbiorowego [2, ]
    • a
    • Nazwa ciała zbiorowego lub nazwa geograficzna jako pierwszy element (NP)
    • Emerald Group Publishing.
    • 4
    • Kod relacji
    • pbl
    • 9
    • KHW
    • 65735
920 -ISBN [ , ]
    • a
    • ISBN
    • 978-0-85724-305-8 Find
Numer inwentarzowy Status udost. Data inwentaryzacji Lokalizacja
T.16452-22014-04-23T